| 000 | 00900cab a2200241 4500 | ||
|---|---|---|---|
| 001 | ABS48048 | ||
| 008 | 090401t1993 xxu||||| |||| 00| 0 eng d | ||
| 035 | _a(Sirsi) u64639 | ||
| 041 | _aeng | ||
| 245 | _aPalk and another v Mortgage Services Funding plc | ||
| 260 | _c1993 | ||
| 350 | _a0 | ||
| 490 |
_aWeekly Law Reports _v(1993) 2 WLR 415-427(13) |
||
| 520 | _aCA 3 July 1992. The court decided that it had discretion under the Law of Property Act 1925 s91(2) to order the sale of P`s house, against the wishes of the defendant M, to partially redeem the mortgage and protect the plaintiff against mounting debt. "Held": P`s appeal allowed. | ||
| 650 | _aINTEREST | ||
| 650 | _aLAW OF PROPERTY ACT 1925 S91(2) | ||
| 650 | _aMORTGAGES | ||
| 650 | _aPROPERTY SALES | ||
| 690 | _aHOUSING-CASE LAW | ||
| 690 | _aPROPERTY LAW AND PRACTICE-CASE LAW | ||
| 942 | _n0 | ||
| 948 | _c04/03/1997 | ||
| 999 |
_c40267 _d40267 |
||